| 000 | 00599nam a2200205 i 4500 | ||
|---|---|---|---|
| 001 | 790870 | ||
| 005 | 20241118192704.0 | ||
| 008 | 750306s1975 nyua 001 0 eng | ||
| 020 | _a0879010347 | ||
| 050 | 0 | 0 |
_aQA303 _b.K324 |
| 082 | 0 | 0 | _a515 |
| 100 | 1 | _aKalmanson, Kenneth. | |
| 245 | 0 | 0 |
_aCalculus : _ba practical approach / _cKenneth Kalmanson, Patricia C. Kenschaft. |
| 260 |
_aNew York : _bWorth Publishers, _c1975. |
||
| 300 |
_axiv, 335 p. : _bill. ; _c27 cm. |
||
| 500 | _aIncludes index. | ||
| 650 | 0 | _aCalculus. | |
| 700 | 1 |
_aKenschaft, Patricia C., _ejoint author. |
|
| 942 |
_2lcc _cBK _n0 |
||
| 999 |
_c1326 _d1326 |
||